| 000 | 00682nam a2200193 i 4500 | ||
|---|---|---|---|
| 001 | 62576 | ||
| 003 | ES-MaACL | ||
| 005 | 20250925063030.0 | ||
| 007 | t| | ||
| 008 | 031124s1971 sp ||||1| spa d | ||
| 100 | 0 |
_aFernández García, Antonio, _d1936- _949339 |
|
| 245 | 1 | 3 |
_aEl abastecimiento de Madrid en el reinado de Isabel II / _cAntonio Fernández García. |
| 260 |
_aMadrid : _bInstituto de Estudios Madrileños, _c1971. |
||
| 300 |
_aXV, 241 p., 5 gráf. ; _c25 cm. |
||
| 490 | 1 |
_aBiblioteca de estudios madrileños ; _v14 |
|
| 830 | 0 |
_aBiblioteca de estudios madrileños ; _v14 _9185680 |
|
| 852 |
_aES-MaACL _jC-42351 _bR.79789 |
||
| 999 |
_c62576 _d62576 |
||